| 000 | 00669na a2200229 4500 | ||
|---|---|---|---|
| 001 | 14971 | ||
| 003 | MIRAKIL | ||
| 005 | 20181213154911.0 | ||
| 008 | 161028b tu 000 0 | ||
| 040 |
_aMilas _btur _cTR-AnCHP |
||
| 041 | _atur | ||
| 082 |
_a923.3 Kameroğlu,K. _bK25d 2009 |
||
| 090 | _a923.3 Kameroğlu,K. K25d 2009 | ||
| 100 | _aKameroğlu, Kadir | ||
| 245 |
_aDostlar meclisi _bÖzyaşam öyküsü _cKadir Kameroğlu |
||
| 246 | _aÖz yaşamöyküsü | ||
| 260 |
_aİstanbul _bKadir Kameroğlu _c2009 |
||
| 300 |
_a463 s. _bres. _c23 sm. |
||
| 600 |
_aKameroğlu, Kadir _d1934- _xAnılar |
||
| 651 |
_aÇivril (Denizli) _xAnılar |
||
| 942 |
_2ddc _cBKS |
||
| 999 |
_c2859 _d2859 |
||